|
|
|
|
| LEADER |
02248nam a2200469 4500 |
| 001 |
ocn954195121 |
| 003 |
OCoLC |
| 005 |
20180501122032.0 |
| 006 |
m o d |
| 007 |
cr |n||||||||| |
| 008 |
160729s2016 mau o 000 0 eng d |
| 040 |
|
|
|a IDEBK
|b eng
|e pn
|c IDEBK
|d YDXCP
|d SFB
|d OCLCO
|d OCLCF
|d UPM
|d OCLCQ
|d FEM
|d N$T
|d OPELS
|d INU
|d OCLCQ
|d D6H
|d GrThAP
|
| 019 |
|
|
|a 956321393
|a 968091190
|a 968997089
|
| 020 |
|
|
|a 0128052295
|q (electronic bk.)
|
| 020 |
|
|
|a 9780128052297
|q (electronic bk.)
|
| 020 |
|
|
|a 0128048131
|
| 020 |
|
|
|a 9780128048139
|
| 035 |
|
|
|a (OCoLC)954195121
|z (OCoLC)956321393
|z (OCoLC)968091190
|z (OCoLC)968997089
|
| 050 |
|
4 |
|a TA1637
|
| 072 |
|
7 |
|a TEC
|x 009070
|2 bisacsh
|
| 082 |
0 |
4 |
|a 621.367
|2 23
|
| 049 |
|
|
|a TEFA
|
| 245 |
0 |
0 |
|a Logarithmic image processing :
|b theory and applications /
|c edited by Michel Jourlin, Laboratoire Hubert Curien, University of Saint-Etienne, France.
|
| 250 |
|
|
|a First edition.
|
| 260 |
|
|
|a Cambridge, MA ;
|a San Diego, CA :
|b Academic Press,
|c 2016.
|
| 300 |
|
|
|a 1 online resource
|
| 336 |
|
|
|a text
|b txt
|2 rdacontent
|
| 337 |
|
|
|a computer
|b c
|2 rdamedia
|
| 338 |
|
|
|a online resource
|b cr
|2 rdacarrier
|
| 347 |
|
|
|a text file
|2 rda
|
| 490 |
1 |
|
|a Advances in imaging and electron physics ;
|v v. 195
|
| 520 |
|
|
|a Logarithmic image processing: theory and applications, the latest volume in the series that merges two long-running serials, Advances in electronics and electron physics and Advances in optical and electron microscopy and features cutting-edge articles on recent developments in all areas of microscopy, digital image processing, and many related subjects in electron physics.
|
| 588 |
0 |
|
|a Print version record.
|
| 650 |
|
0 |
|a Image processing
|x Digital techniques
|x Mathematical models.
|
| 650 |
|
0 |
|a Image processing.
|
| 650 |
|
7 |
|a Image processing.
|2 fast
|0 (OCoLC)fst00967501
|
| 650 |
|
7 |
|a Image processing
|x Digital techniques
|x Mathematical models.
|2 fast
|0 (OCoLC)fst00967515
|
| 650 |
|
7 |
|a TECHNOLOGY & ENGINEERING / Mechanical
|2 bisacsh
|
| 655 |
|
4 |
|a Electronic books.
|
| 700 |
1 |
|
|a Jourlin, Michel.
|
| 830 |
|
0 |
|a Advances in imaging and electron physics ;
|v v. 195.
|
| 856 |
4 |
0 |
|u https://www.sciencedirect.com/science/bookseries/10765670/195
|z Full Text via HEAL-Link
|